Превращение пропан-бутановой фракции в низкомолекулярные алкены C2-C4; Химия и химическая технология на рубеже тысячелетий

Dades bibliogràfiques
Parent link:Химия и химическая технология на рубеже тысячелетий.— 2004.— [С. 312]
Autor principal: Адяева Л. В.
Altres autors: Ерофеев В. И.
Sumari:Заглавие с титульного листа
Электронная версия печатной публикации
Idioma:rus
Publicat: 2004
Matèries:
Accés en línia:http://www.lib.tpu.ru/fulltext/v/Conferences/2004/K01/41217.pdf
Format: MixedMaterials Electrònic Capítol de llibre
KOHA link:https://koha.lib.tpu.ru/cgi-bin/koha/opac-detail.pl?biblionumber=219678

MARC

LEADER 00000naa2a2200000 4500
001 219678
005 20260204130619.0
035 |a (RuTPU)RU\TPU\book\239765 
035 |a RU\TPU\book\239762 
090 |a 219678 
100 |a 20120712d2004 m y0rusy50 ca 
101 0 |a rus 
102 |a RU 
135 |a drnn ---uucaa 
181 0 |a i  
182 0 |a b 
200 1 |a Превращение пропан-бутановой фракции в низкомолекулярные алкены C2-C4  |f Л. В. Адяева, В. И. Ерофеев 
203 |a Текст  |c электронный 
215 |a 1 файл (215 Кб) 
300 |a Заглавие с титульного листа 
300 |a Электронная версия печатной публикации 
337 |a Adobe Reader 
463 1 |0 (RuTPU)RU\TPU\book\74583  |t Химия и химическая технология на рубеже тысячелетий  |o материалы III Всероссийской научной конференции, Томск, 2-4 сентября 2004 г.  |f Российское химическое общество им. Д. И. Менделеева; Химия и химическая технология на рубеже тысячелетий. Всероссийская научная конференция; Российская Академия естествознания; Администрация Томской области; ООО "Томскнефтехим"; ЗАО "Метанол"; Томский политехнический университет  |v [С. 312]  |d 2004 
610 1 |a пропан-бутановые смеси 
610 1 |a низкомолекулярные вещества 
610 1 |a алкены 
610 1 |a фракции 
610 1 |a катализаторы 
610 1 |a сажа 
610 1 |a углеродные материалы 
610 1 |a электронный ресурс 
700 1 |a Адяева  |b Л. В. 
701 1 |a Ерофеев  |b В. И. 
801 1 |a RU  |b 63413507  |c 20120529 
801 2 |a RU  |b 63413507  |c 20140312  |g RCR 
856 4 |u http://www.lib.tpu.ru/fulltext/v/Conferences/2004/K01/41217.pdf 
942 |c CF